000 00927nam a2200229 i 4500
001 183489
003 ES-MaACL
005 20250809231524.0
008 140702s2013 sp a |||| | spa d
020 _a978-84-941236-3-4
080 _a821.134.3(81)-14"19"
100 1 _aCatunda, Márcio (
_d1957-)
_9154150
245 1 0 _aDías insólitos /
_cMárcio Catunda ; traducción, Bethania Guerra de Lemos, Juan Bautista Rodríguez Aguilar ; prólogo de Bethania Guerra de Lemos.
260 _aMadrid :
_bManuscritos,
_c2013.
300 _a95 p. :
_bil. ;
_c22 cm.
700 1 _aGuerra de Lemos, Bethania.
_9154894
700 1 _aRodríguez Aguilar, Juan Bautista,
_d1973-
_9154895
852 _aES-MaACL
_jN-6103
_9190429
_bR.149938
_cDEPO1
_dOlim: N-6103
_hDonación: Márcio Cantuda
_gDedicatoria autógrafa del autor
903 _9154150
_aCatunda, Márcio (
_d1957-)
_ednr
942 _2udc
_cMONOGRAFIA
999 _c183489
_d183489